[Event "Satu Mare Szabo Memorial"]
[Site "Satu Mare"]
[Date "2021.08.09"]
[Round "2"]
[White "Muller, Wilhelm"]
[Black "Bodrogi, Bendeguz"]
[Result "0-1"]
[WhiteElo "1895"]
[BlackElo "2145"]
[PlyCount "92"]
[EventDate "2021.08.08"]
[EventType "swiss"]
[EventRounds "9"]
[EventCountry "ROU"]
[SourceTitle "CBM 203 Extra"]
[Source "ChessBase"]
[SourceDate "2021.09.30"]
[SourceVersion "1"]
[SourceVersionDate "2021.09.30"]
[SourceQuality "1"]

1. d4 Nf6 2. Nf3 c5 3. c3 g6 4. Bg5 Bg7 5. Nbd2 d5 6. e3 0-0 7. Ne5 Nfd7 8. Nxd7 Qxd7 9. dxc5 h6 10. Bh4 e5 11. f3 Qc7 12. Bf2 Rd8 13. Nb3 Be6 14. Bd3 a5 15. a4 Na6 16. 0-0 Nxc5 17. Nxc5 Qxc5 18. Qe2 Rac8 19. Rfd1 Qc7 20. Bb5 Kh7 21. Rd2 e4 22. Rad1 Qe7 23. fxe4 dxe4 24. Rxd8 Rxd8 25. Rxd8 Qxd8 26. Be1 Bb3 27. Bc4 Bxc4 28. Qxc4 Qb6 29. Qxe4 Qxb2 30. Qc4 Qc1 31. Kf2 Qc2+ 32. Kf1 Qf5+ 33. Kg1 Qd7 34. e4 Kg8 35. h3 Qd1 36. Kf1 Bf6 37. Qd5 Qxa4 38. Qxb7 Qc4+ 39. Kg1 Bxc3 40. Bxc3 Qxc3 41. Qd5 Kg7 42. e5 a4 43. Qd6 Qb3 44. Qf6+ Kg8 45. h4 a3 46. Qa6 a2 0-1

[Event "ROM-ch"]
[Site "Olanesti"]
[Date "2018.05.16"]
[Round "3"]
[White "Sava, Bogdan"]
[Black "Muller, Wilhelm"]
[Result "1-0"]
[WhiteElo "2099"]
[BlackElo "1896"]
[PlyCount "139"]
[EventDate "2018.05.14"]
[EventType "swiss"]
[EventRounds "9"]
[EventCountry "ROU"]
[SourceTitle "CBM 184 Extra"]
[Source "ChessBase"]
[SourceDate "2018.06.28"]
[SourceVersion "1"]
[SourceVersionDate "2018.06.28"]
[SourceQuality "1"]

1. d4 d6 2. e4 Nd7 3. Nc3 e5 4. Nf3 Ne7 5. Bc4 exd4 6. Nxd4 Ne5 7. Be2 N7c6 8. Be3 Nxd4 9. Bxd4 Nc6 10. 0-0 Be6 11. Bb5 a6 12. Bxc6+ bxc6 13. Re1 f6 14. Qe2 Be7 15. Rad1 0-0 16. e5 Bf7 17. exd6 Bxd6 18. Bc5 Re8 19. Qf1 Rxe1 20. Qxe1 Qe8 21. Bxd6 Qxe1+ 22. Rxe1 cxd6 23. f3 Rb8 24. b3 Kf8 25. Kf2 Re8 26. Ne4 Re6 27. Rd1 Ke7 28. Rd4 Bg6 29. Ra4 Bxe4 30. fxe4 d5 31. exd5 cxd5 32. Rg4 g6 33. c4 dxc4 34. Rxc4 Kd7 35. Rc5 h5 36. Rc4 Rc6 37. Rd4+ Ke6 38. Ra4 Kd7 39. h4 Kc7 40. Ke3 Kb6 41. Rb4+ Kc7 42. Kd3 Rd6+ 43. Ke3 Re6+ 44. Kf3 Rc6 45. Ra4 Rc3+ 46. Kf4 Kb6 47. Re4 Rc2 48. Re6+ Rc6 49. Re3 Rc2 50. Rg3 Rxa2 51. Rxg6 Kb5 52. g4 hxg4 53. h5 Rh2 54. Kxg4 a5 55. Rxf6 Rg2+ 56. Kh3 Rg8 57. Kh4 Rb8 58. h6 Kc5 59. h7 Rh8 60. Rf7 Kb4 61. Rb7+ Kc3 62. Kg3 Rxh7 63. Rxh7 Kxb3 64. Rb7+ Kc3 65. Ra7 Kb4 66. Kf3 a4 67. Ke2 a3 68. Kd2 Kb3 69. Kc1 a2 70. Ra8 1-0

[Event "Miercurea Ciuc Bancpost op 20th"]
[Site "Miercurea Ciuc"]
[Date "2017.08.24"]
[Round "8"]
[White "Kocsis, Mihaly"]
[Black "Muller, Wilhelm"]
[Result "1/2-1/2"]
[WhiteElo "1882"]
[BlackElo "1947"]
[PlyCount "70"]
[EventDate "2017.08.17"]
[EventType "swiss"]
[EventRounds "9"]
[EventCountry "ROU"]
[SourceTitle "EXT 2020"]
[Source "ChessBase"]
[SourceDate "2019.10.17"]
[SourceVersion "1"]
[SourceVersionDate "2019.10.17"]
[SourceQuality "1"]

1. e4 d6 2. d4 Nd7 3. c4 g6 4. Nc3 Bg7 5. Nf3 e6 6. Bg5 Ne7 7. Be2 h6 8. Be3 0-0 9. Qd2 Kh7 10. h4 Nf6 11. 0-0-0 d5 12. e5 Ne4 13. Nxe4 dxe4 14. Ne1 Nf5 15. Bf4 Bd7 16. g4 Nxh4 17. g5 Nf5 18. gxh6 Bh8 19. f3 Ba4 20. b3 Bc6 21. fxe4 Bxe4 22. Bf3 Bxf3 23. Nxf3 f6 24. Qg2 b5 25. exf6 Bxf6 26. Be5 bxc4 27. Rdg1 Qe8 28. Bxf6 Rxf6 29. Ng5+ Kh8 30. Ne4 Rf8 31. Qxg6 Qxg6 32. Rxg6 cxb3 33. axb3 Rab8 34. h7 Nxd4 35. Nf6 Nxb3+ 1/2-1/2

[Event "Eger Osz op"]
[Site "Eger"]
[Date "2009.10.24"]
[Round "4"]
[White "Muller, Wilhelm"]
[Black "Balogh, Pal"]
[Result "1-0"]
[WhiteElo "2030"]
[BlackElo "1895"]
[PlyCount "20"]
[EventDate "2009.10.22"]
[EventType "swiss"]
[EventRounds "7"]
[EventCountry "HUN"]
[SourceTitle "EXT 2011"]
[Source "ChessBase"]
[SourceDate "2010.11.26"]
[SourceVersion "1"]
[SourceVersionDate "2010.11.26"]
[SourceQuality "1"]

1. g3 Nf6 2. Bg2 e6 3. d4 d5 4. Nf3 c5 5. 0-0 cxd4 6. Nxd4 Nc6 7. c4 Qb6 8. Nxc6 bxc6 9. Qc2 Be7 10. Be3 d4 1-0

[Event "Eger Osz op"]
[Site "Eger"]
[Date "2009.10.23"]
[Round "2"]
[White "Muller, Wilhelm"]
[Black "Jacso, Adam"]
[Result "1/2-1/2"]
[WhiteElo "2030"]
[BlackElo "2202"]
[PlyCount "74"]
[EventDate "2009.10.22"]
[EventType "swiss"]
[EventRounds "7"]
[EventCountry "HUN"]
[SourceTitle "EXT 2011"]
[Source "ChessBase"]
[SourceDate "2010.11.26"]
[SourceVersion "1"]
[SourceVersionDate "2010.11.26"]
[SourceQuality "1"]

1. g3 g6 2. Bg2 Bg7 3. e4 c5 4. Ne2 Nc6 5. d3 e5 6. Nbc3 Nge7 7. h4 h5 8. Bg5 f6 9. Be3 d6 10. Qd2 Be6 11. Nd5 Qd7 12. c4 Nd4 13. Nxe7 Qxe7 14. f4 Bh6 15. 0-0-0 Bg4 16. Bxd4 cxd4 17. Rdf1 0-0-0 18. Ng1 g5 19. hxg5 fxg5 20. f5 Bxf5 21. Rxh5 Bg4 22. Bh3 Qe6 23. Bxg4 Qxg4 24. Qh2 Bg7 25. Qh3 Qxh3 26. Rxh3 Rxh3 27. Nxh3 g4 28. Ng1 Rh8 29. Kd1 Rh2 30. Ne2 Bh6 31. b4 Be3 32. Ke1 Kc7 33. a4 Kc6 34. Kd1 Bf2 35. Nc1 Bxg3 36. Rf7 Bf4 37. Nb3 a5 1/2-1/2

[Event "HUN-ch Seniors"]
[Site "Ajka"]
[Date "2009.06.28"]
[Round "9"]
[White "Boguszlavszkij, Jevgenyij"]
[Black "Muller, Wilhelm"]
[Result "1-0"]
[WhiteElo "2261"]
[BlackElo "2024"]
[PlyCount "45"]
[EventDate "2009.06.22"]
[EventType "swiss"]
[EventRounds "9"]
[EventCountry "HUN"]
[SourceTitle "EXT 2011"]
[Source "ChessBase"]
[SourceDate "2010.11.26"]
[SourceVersion "1"]
[SourceVersionDate "2010.11.26"]
[SourceQuality "1"]

1. d4 d5 2. Nc3 Nf6 3. Bf4 c6 4. f3 e6 5. e4 dxe4 6. Nxe4 Be7 7. c3 Nd5 8. Bd2 Nd7 9. c4 N5f6 10. Bc3 0-0 11. Bd3 b6 12. Qc2 Bb7 13. 0-0-0 Qc7 14. Ne2 Rfd8 15. g4 h6 16. h4 c5 17. g5 Nxe4 18. Bxe4 Bxe4 19. Qxe4 cxd4 20. Nxd4 Nc5 21. Qg4 h5 22. Qxh5 Na4 23. g6 1-0

[Event "HUN-ch Seniors"]
[Site "Ajka"]
[Date "2009.06.26"]
[Round "6"]
[White "Muller, Wilhelm"]
[Black "Csala, Imre"]
[Result "1/2-1/2"]
[WhiteElo "2024"]
[BlackElo "2189"]
[PlyCount "37"]
[EventDate "2009.06.22"]
[EventType "swiss"]
[EventRounds "9"]
[EventCountry "HUN"]
[SourceTitle "EXT 2011"]
[Source "ChessBase"]
[SourceDate "2010.11.26"]
[SourceVersion "1"]
[SourceVersionDate "2010.11.26"]
[SourceQuality "1"]

1. b3 e5 2. Bb2 Nc6 3. c4 Nf6 4. d3 d5 5. cxd5 Bb4+ 6. Nd2 Qxd5 7. e4 Qd6 8. Ngf3 Bg4 9. Be2 Bxf3 10. gxf3 Nh5 11. a3 Bxd2+ 12. Qxd2 Nf4 13. Rc1 0-0 14. Rg1 g6 15. Rg4 Ne6 16. Qh6 Rfd8 17. f4 exf4 18. Rh4 Ncd4 19. Qxh7+ 1/2-1/2

[Event "HUN-ch Seniors"]
[Site "Ajka"]
[Date "2008.06.29"]
[Round "9"]
[White "Krepsz, Gabor"]
[Black "Muller, Wilhelm"]
[Result "0-1"]
[WhiteElo "1793"]
[BlackElo "2010"]
[PlyCount "33"]
[EventDate "2008.06.23"]
[EventType "swiss"]
[EventRounds "9"]
[EventCountry "HUN"]
[SourceTitle "EXT 2011"]
[Source "ChessBase"]
[SourceDate "2010.11.26"]
[SourceVersion "1"]
[SourceVersionDate "2010.11.26"]
[SourceQuality "1"]

1. d4 g6 2. e4 Bg7 3. Nf3 d6 4. h3 Nf6 5. Nc3 c6 6. b4 a5 7. b5 a4 8. a3 0-0 9. Bd3 Bd7 10. Qe2 Qc7 11. Rb1 Rc8 12. b6 Qd8 13. Be3 Ne8 14. e5 Be6 15. Ng5 Qd7 16. Nxe6 Qxe6 17. Be4 0-1

[Event "HUN-ch Seniors"]
[Site "Ajka"]
[Date "2008.06.27"]
[Round "7"]
[White "Demeter, Istvan"]
[Black "Muller, Wilhelm"]
[Result "1/2-1/2"]
[WhiteElo "2068"]
[BlackElo "2010"]
[PlyCount "24"]
[EventDate "2008.06.23"]
[EventType "swiss"]
[EventRounds "9"]
[EventCountry "HUN"]
[SourceTitle "EXT 2011"]
[Source "ChessBase"]
[SourceDate "2010.11.26"]
[SourceVersion "1"]
[SourceVersionDate "2010.11.26"]
[SourceQuality "1"]

1. e4 g6 2. d4 Bg7 3. Nf3 d6 4. Be2 Nf6 5. Nc3 c6 6. a4 0-0 7. h3 Qc7 8. 0-0 e5 9. dxe5 dxe5 10. Be3 Nh5 11. Re1 Rd8 12. Qc1 Nf4 1/2-1/2

[Event "HUN-ch Seniors"]
[Site "Ajka"]
[Date "2008.06.27"]
[Round "6"]
[White "Muller, Wilhelm"]
[Black "Szabo, Vilmos"]
[Result "1-0"]
[WhiteElo "2010"]
[BlackElo "1804"]
[PlyCount "82"]
[EventDate "2008.06.23"]
[EventType "swiss"]
[EventRounds "9"]
[EventCountry "HUN"]
[SourceTitle "EXT 2011"]
[Source "ChessBase"]
[SourceDate "2010.11.26"]
[SourceVersion "1"]
[SourceVersionDate "2010.11.26"]
[SourceQuality "1"]

1. b3 Nf6 2. Bb2 d5 3. Nf3 e6 4. e3 c5 5. a3 Nc6 6. Bb5 a6 7. Bxc6+ bxc6 8. d3 Be7 9. Nbd2 0-0 10. Ne5 Qc7 11. f4 Bb7 12. Qe2 Ne8 13. 0-0-0 f6 14. Nef3 Nd6 15. g4 a5 16. a4 Ba6 17. Qg2 c4 18. dxc4 dxc4 19. Nd4 Bc8 20. Qxc6 Qxc6 21. Nxc6 Re8 22. Nxe7+ Rxe7 23. Ba3 Rd7 24. Bxd6 Rxd6 25. Nxc4 Rxd1+ 26. Rxd1 Ba6 27. Nxa5 Be2 28. Rd7 Bxg4 29. Nc6 Bf3 30. Rd8+ Rxd8 31. Nxd8 Bg4 32. Nc6 Bf3 33. Nd4 Bg4 34. b4 e5 35. fxe5 fxe5 36. Nc6 Bd7 37. b5 e4 38. Ne5 Bc8 39. Nc4 g5 40. Nd6 Bd7 41. Nxe4 g4 1-0

[Event "HUN-ch Seniors"]
[Site "Ajka"]
[Date "2008.06.23"]
[Round "1"]
[White "Fodre, Sandor"]
[Black "Muller, Wilhelm"]
[Result "1-0"]
[WhiteElo "2266"]
[BlackElo "2010"]
[PlyCount "88"]
[EventDate "2008.06.23"]
[EventType "swiss"]
[EventRounds "9"]
[EventCountry "HUN"]
[SourceTitle "EXT 2011"]
[Source "ChessBase"]
[SourceDate "2010.11.26"]
[SourceVersion "1"]
[SourceVersionDate "2010.11.26"]
[SourceQuality "1"]

1. e4 g6 2. d4 Bg7 3. Nf3 d6 4. h3 Nf6 5. Nc3 0-0 6. Bg5 h6 7. Be3 c6 8. Qd2 Kh7 9. Bd3 b5 10. a3 Bb7 11. Rd1 a5 12. e5 b4 13. Na2 Nd5 14. axb4 Qb6 15. bxa5 Rxa5 16. Nc3 Nxe3 17. Qxe3 dxe5 18. Nxe5 Bxe5 19. dxe5 Qxe3+ 20. fxe3 Rxe5 21. Kf2 c5 22. Rhe1 f5 23. Ra1 Nc6 24. Re2 Rb8 25. Bc4 Nb4 26. Rd2 Bc6 27. b3 Kg7 28. Ra5 Ra8 29. Rxa8 Bxa8 30. Be2 Nd5 31. Bf3 Nxc3 32. Bxa8 Kf6 33. Rd3 Ne4+ 34. Bxe4 fxe4 35. Rd8 h5 36. Rb8 Rd5 37. Ke2 Rg5 38. Rf8+ Ke6 39. Kf2 Rd5 40. Ke1 g5 41. Rh8 h4 42. Rf8 Ke5 43. Ke2 Ke6 44. Rg8 Kd7 1-0